[Event "23e tournoi d'automne"]
[Site "Montigny le Bretonneux"]
[Date "2025.10.21"]
[Round "4.16"]
[White "Barthere, Gilles"]
[Black "Carbonero, Jean Marc"]
[Result "1-0"]
[WhiteElo "1551"]
[BlackElo "1399"]
[Annotator "Rivier,Sylvain"]
[PlyCount "83"]
[EventDate "2025.??.??"]
[WhiteTeam "CE Le Roi Soleil - Le Chesnay - Versailles"]
[BlackTeam "La Dame Noire"]

{Partie espagnole, déviation au 4e coup} 1. e4 e5 2. Nf3 Nc6 3. Bb5 a6 4. Ba4
b5 5. Bb3 Be7 6. O-O h6 7. c3 Nf6 8. Re1 O-O 9. d4 Na5 10. Bc2 exd4 11. cxd4 c6
12. Nc3 b4 13. Ne2 Bb7 14. Ng3 c5 15. e5 Nd5 16. Qd3 g6 17. Bxh6 c4 18. Qd1 Re8
19. Nd2 Bg5 20. Bxg5 Qxg5 21. Nde4 Qh6 22. Nd6 Reb8 23. Nxb7 Rxb7 24. Qf3 Rb5
25. Be4 Qf4 26. Bxd5 Qxf3 27. Bxf3 Rf8 28. Be2 Kg7 29. b3 d5 30. exd6 Rd5 31.
bxc4 Rxd6 32. d5 Nb7 33. Reb1 a5 34. a3 Rc8 35. axb4 Ra8 36. bxa5 Nxa5 37. Rb5
Rda6 38. Ne4 f5 39. Nc5 R6a7 40. f4 Nb7 41. Rxa7 Rxa7 42. Rxb7+ 1-0

[Event "23e tournoi d'automne"]
[Site "Montigny le Bretonneux"]
[Date "2025.10.21"]
[Round "4.17"]
[White "Bouloc, Roger"]
[Black "Plantet, Marc"]
[Result "0-1"]
[WhiteElo "1414"]
[BlackElo "1826"]
[Annotator "Rivier,Sylvain"]
[PlyCount "66"]
[EventDate "2025.??.??"]
[WhiteTeam "La Dame Noire"]
[BlackTeam "La Dame Noire"]

{Défense sicilienne, variante Löwenthal} 1. e4 c5 2. Nf3 Nc6 3. d4 cxd4 4.
Nxd4 Qb6 5. Nxc6 dxc6 6. Be2 Nf6 7. Nc3 e5 8. O-O Be6 9. b3 Rd8 10. Qe1 Bb4 11.
Be3 Qa5 12. Bd2 Rxd2 13. Qxd2 Nxe4 14. Qe3 Nxc3 15. a3 Bc5 16. Qd2 Bd4 17. b4
Qb6 18. Rac1 O-O 19. h3 Rd8 20. Qe1 e4 21. Kh1 c5 22. bxc5 Qxc5 23. f4 Be3 24.
Qh4 Qc7 25. Bg4 Bxg4 26. hxg4 Bxc1 27. Rxc1 f6 28. g5 Ne2 29. Rf1 Qc3 30. gxf6
Qxf6 31. Qg4 Qh6+ 32. Qh3 Qxh3+ 33. gxh3 Ng3+ 0-1

[Event "23e tournoi d'automne"]
[Site "Montigny le Bretonneux"]
[Date "2025.10.21"]
[Round "4.18"]
[White "Bimont, Stephanie"]
[Black "Derex, Nicolas"]
[Result "1/2-1/2"]
[WhiteElo "1551"]
[BlackElo "1654"]
[Annotator "Rivier,Sylvain"]
[PlyCount "76"]
[EventDate "2025.??.??"]
[WhiteTeam "Inter Chess"]
[BlackTeam "C.E. Fontenay le Fleury "]

{Défense sicilienne, variante Alapine} 1. e4 c5 2. c3 d5 3. exd5 Qxd5 4. d4
cxd4 5. cxd4 Nc6 6. Nf3 e6 7. Be2 Nf6 8. Nc3 Qd6 9. O-O Be7 10. h3 O-O 11. Be3
a6 12. a3 b5 13. b4 Bb7 14. Qd2 Rad8 15. Rfd1 Nd5 16. Nxd5 Qxd5 17. Bf1 Bf6 18.
Rac1 Be7 19. Qb2 Rc8 20. Rd2 Rc7 21. Rcd1 Rfc8 22. Rc1 Nb8 23. Rxc7 Rxc7 24.
Rc2 Rxc2 25. Qxc2 Qc6 26. Qxc6 Bxc6 27. Ne5 Bd5 28. f3 Bf6 29. Ng4 Bd8 30. Ne5
Bb6 31. Kf2 Kf8 32. Ke1 Ke7 33. Kd2 f6 34. Nd3 Bc4 35. Be2 Nc6 36. Nc5 Bxe2 37.
Kxe2 a5 38. bxa5 Nxa5 1/2-1/2

[Event "23e tournoi d'automne"]
[Site "Montigny le Bretonneux"]
[Date "2025.10.21"]
[Round "4.19"]
[White "Ben Abdallah, Mohammed"]
[Black "Archet, Jean-Claude"]
[Result "0-1"]
[WhiteElo "1299"]
[BlackElo "1554"]
[Annotator "Rivier,Sylvain"]
[PlyCount "90"]
[EventDate "2025.??.??"]
[WhiteTeam "La Dame Noire"]
[BlackTeam "Club 608 d'Echecs Paris"]

{Gambit dame, variante Tarrasch} 1. d4 d5 2. c4 e6 3. Nc3 c5 4. cxd5 cxd4 5.
Ne4 Qxd5 6. f3 Be7 7. Nh3 e5 8. e3 Nf6 9. Nxf6+ Bxf6 10. exd4 Qxd4 11. Bg5
Qxd1+ 12. Rxd1 Bxg5 13. Nxg5 f6 14. Ne4 O-O 15. Bd3 Nc6 16. O-O Be6 17. b3 Rac8
18. Rc1 Rfd8 19. Rfd1 Nb4 20. Rxc8 Rxc8 21. Nd6 Rd8 22. Bb1 b6 23. Rd2 Nd5 24.
Ne4 Rc8 25. Rd1 Nc3 26. Nxc3 Rxc3 27. Bd3 Rc5 28. Rb1 Kf7 29. Rd1 Rd5 30. Kf2
g6 31. g3 f5 32. Ke2 Kf6 33. Bc4 Rxd1 34. Kxd1 Bxc4 35. bxc4 Ke6 36. Kc2 Kd6
37. Kb3 Kc5 38. a4 Kd4 39. Kb4 a6 40. a5 bxa5+ 41. Kxa5 e4 42. fxe4 fxe4 43.
Kb4 e3 44. c5 e2 45. c6 e1=Q+ {suite illisible} 0-1

[Event "23e tournoi d'automne"]
[Site "Montigny le Bretonneux"]
[Date "2025.10.22"]
[Round "5.1"]
[White "Kham-Nguyen, Mathys"]
[Black "Kunne, Ronald"]
[Result "1-0"]
[WhiteElo "1883"]
[BlackElo "1809"]
[Annotator "Rivier,Sylvain"]
[PlyCount "83"]
[EventDate "2025.??.??"]
[WhiteTeam "Cergy Pontoise Echecs"]
[BlackTeam "Club d'Echecs d'Orsay"]

{Défense française} 1. e4 e6 2. Nf3 d5 3. e5 c5 4. b4 cxb4 5. a3 b3 6. c3 Qb6
7. Bb2 Bd7 8. d4 Nc6 9. Bd3 Be7 10. h4 h5 11. Nbd2 Na5 12. Qe2 Bc6 13. Ng5 Bxg5
14. hxg5 g6 15. g4 h4 16. Rh3 Nc4 17. Bxc4 dxc4 18. Nxc4 Qa6 19. Nd6+ Ke7 20.
f3 Qxe2+ 21. Kxe2 Rd8 22. Rah1 Rxd6 23. exd6+ Kxd6 24. Rxh4 Rxh4 25. Rxh4 Ke7
26. Rh8 Kf8 27. c4 a5 28. Ke3 b5 29. cxb5 Bxb5 30. f4 Bc6 31. f5 exf5 32. gxf5
gxf5 33. Kf4 Bd5 34. Ke5 Kg7 35. Rxg8+ Kxg8 36. Kxd5 Kg7 37. Ke5 Kg6 38. Kf4 f6
39. gxf6 Kxf6 40. d5+ Ke7 41. Kxf5 Kd6 42. Ke4 1-0

[Event "23e tournoi d'automne"]
[Site "Montigny le Bretonneux"]
[Date "2025.10.22"]
[Round "5.2"]
[White "Demetz, Yves"]
[Black "Forissier, Nicolas"]
[Result "1-0"]
[WhiteElo "1766"]
[BlackElo "1887"]
[Annotator "Rivier,Sylvain"]
[PlyCount "79"]
[EventDate "2025.??.??"]
[WhiteTeam "La Dame Noire"]
[BlackTeam "La Dame Noire"]

{Partie espagnole, gambit Jänisch} 1. e4 e5 2. Nf3 Nc6 3. Bb5 f5 4. Nc3 Nf6 5.
d3 d6 6. Bg5 Be7 7. a3 O-O 8. Bc4+ Kh8 9. Qd2 Nd4 10. O-O-O c6 11. h4 b5 12.
Ba2 b4 13. axb4 a5 14. b5 Nxb5 15. Nxb5 cxb5 16. Bxf6 Bxf6 17. Ng5 Qe8 18. Bd5
Ra7 19. Qe3 Qe7 20. Kb1 Qc7 21. Qe2 g6 22. Qd2 f4 23. Rdg1 a4 24. g4 Bxg5 25.
hxg5 Qc5 26. f3 b4 27. Rd1 Qd4 28. c3 bxc3 29. Qxc3 Qb6 30. d4 Rc7 31. Qd2 Ba6
32. dxe5 dxe5 33. Rc1 Rxc1+ 34. Rxc1 Rb8 35. Qc3 Qd4 36. Qxd4 exd4 37. Bc4 Bxc4
38. Rxc4 a3 39. b4 d3 40. Rd4 1-0

[Event "23e tournoi d'automne"]
[Site "Montigny le Bretonneux"]
[Date "2025.10.22"]
[Round "5.3"]
[White "Salagnac, Sowan"]
[Black "Beaufils, Philippe"]
[Result "0-1"]
[WhiteElo "1744"]
[BlackElo "1835"]
[Annotator "Rivier,Sylvain"]
[PlyCount "122"]
[EventDate "2025.??.??"]
[WhiteTeam "Saint-Quentin en Yvelines"]
[BlackTeam "GIF-CC2-Echecs"]

{Défense française, variante Winaver} 1. e4 e6 2. d4 d5 3. Nc3 Bb4 4. e5 c5
5. a3 Bxc3+ 6. bxc3 Nc6 7. Nf3 Qa5 8. Bd2 Nge7 9. c4 Qc7 10. cxd5 exd5 11. c3
O-O 12. Bd3 Bf5 13. Be3 f6 14. exf6 Rxf6 15. O-O c4 16. Bxf5 Nxf5 17. Qd2 Qf7
18. Ne5 Nxe5 19. dxe5 Rg6 20. Rad1 Rd8 21. f4 b6 22. Bf2 h5 23. Rb1 Nh6 24. Bh4
Rd7 25. Bg5 Nf5 26. Rfd1 Rc6 27. Rb5 Rc5 28. Rxc5 bxc5 29. Re1 Qe6 30. Rb1 d4
31. cxd4 cxd4 32. Rb8+ Kh7 33. Qe2 Kg6 34. Rh8 Nh6 35. Bxh6 d3 36. Qe4+ Kf7 37.
Qh7 Qb6+ 38. Kf1 Ke6 39. Qg8+ Kf5 40. Qh7+ Kg4 41. Rb8 Qxh6 42. h3+ Kg3 43.
Qxh6 gxh6 44. Ke1 Kxf4 45. Rb4 Rd4 46. e6 a5 47. Ra4 Re4+ 48. Kd2 c3+ 49. Kxc3
Rxa4 50. e7 Re4 51. e8=Q Rxe8 52. Kd2 Ke4 53. Kc3 Ke3 54. a4 Rc8+ 55. Kb2 d2
56. h4 Kd3 57. g4 Rb8+ 58. Ka2 Kc3 59. gxh5 Rb3 60. Ka1 Ra3+ 61. Kb1 d1=R# 0-1

[Event "23e tournoi d'automne"]
[Site "Montigny le Bretonneux"]
[Date "2025.10.22"]
[Round "5.4"]
[White "Fasquelle, Cedric"]
[Black "Pourcel, Nathanael"]
[Result "1-0"]
[WhiteElo "1795"]
[BlackElo "1759"]
[Annotator "Rivier,Sylvain"]
[PlyCount "51"]
[EventDate "2025.??.??"]
[WhiteTeam "Saint-Quentin en Yvelines"]
[BlackTeam "Club d'Echecs du Vesinet"]

{Défense française} 1. e4 e6 2. c4 d5 3. cxd5 exd5 4. exd5 Nf6 5. Nc3 Nxd5 6.
Nf3 Nc6 7. Bc4 Nb6 8. Bb3 Be7 9. d4 Bf6 10. O-O O-O 11. Ne4 Bg4 12. Nxf6+ Qxf6
13. Bg5 Bxf3 14. Qd2 Qg6 15. gxf3 h6 16. h4 hxg5 17. hxg5 Rfd8 18. d5 Ne7 19.
Kg2 Kf8 20. Rh1 Ke8 21. Rae1 Kd7 22. Bc2 Qd6 23. Rxe7+ Qxe7 24. Bf5+ Ke8 25.
Rh8+ Qf8 26. Qe2# 1-0

[Event "23e tournoi d'automne"]
[Site "Montigny le Bretonneux"]
[Date "2025.10.22"]
[Round "5.5"]
[White "Marques, Gil"]
[Black "Boutant, Jade"]
[Result "1/2-1/2"]
[WhiteElo "1615"]
[BlackElo "1787"]
[Annotator "Rivier,Sylvain"]
[PlyCount "117"]
[EventDate "2025.??.??"]
[WhiteTeam "C.E. de  Bois-Colombes"]
[BlackTeam "Le Petit-Roque de Sèvres-Ville d'Avray"]

{Gambit dame, défense slave} 1. d4 d5 2. c4 c6 3. Nc3 e6 4. cxd5 cxd5 5. Nf3
Nc6 6. e3 f5 7. Bb5 Bd7 8. Bxc6 Bxc6 9. Ne5 Nf6 10. O-O Bd6 11. f4 O-O 12. Bd2
Rc8 13. a3 Qb6 14. b3 Be8 15. Qb1 Nd7 16. Na4 Qa6 17. Qd3 Qxd3 18. Nxd3 Bh5 19.
Rfc1 Be2 20. Bb4 Bxb4 21. Nxb4 a5 22. Na2 Bd3 23. Rxc8 Rxc8 24. Rc1 Rxc1+ 25.
Nxc1 Bc2 26. Nc5 Nxc5 27. dxc5 Kf8 28. Kf2 Ke8 29. Ke2 Kd7 30. Kd2 Be4 31. g3
Kc6 32. b4 Kb5 33. Nb3 axb4 34. axb4 Kxb4 35. Nd4 Kxc5 36. Kc3 Kd6 37. Nb5+ Ke7
38. Kd4 Kf6 39. Nd6 b6 40. Nc8 b5 41. Kc5 e5 42. Kxb5 exf4 43. exf4 d4 44. Kc4
d3 45. Kc3 Kg6 46. Nd6 Kh5 47. h3 g6 48. Nf7 h6 49. Ne5 Bg2 50. Nxd3 Bxh3 51.
Nf2 Bg2 52. Kd4 g5 53. Ke5 gxf4 54. Kxf4 Kg6 55. g4 fxg4 56. Kxg4 Bf1 57. Kh4
Be2 58. Ng4 h5 59. Ne5+ 1/2-1/2

[Event "23e tournoi d'automne"]
[Site "Montigny le Bretonneux"]
[Date "2025.10.22"]
[Round "5.6"]
[White "Conq, Alain"]
[Black "Giblin, Martin"]
[Result "1/2-1/2"]
[WhiteElo "1748"]
[BlackElo "1843"]
[Annotator "Rivier,Sylvain"]
[PlyCount "48"]
[EventDate "2025.??.??"]
[WhiteTeam "Echiquier Scéen - Sceaux"]
[BlackTeam "Malakoff et Mat"]

{Gambit dame accepté} 1. d4 d5 2. c4 dxc4 3. e3 c5 4. Bxc4 Nf6 5. Nf3 e6 6.
O-O Nc6 7. Nc3 cxd4 8. exd4 Be7 9. d5 exd5 10. Nxd5 Nxd5 11. Bxd5 O-O 12. Bxc6
Qxd1 13. Rxd1 bxc6 14. Be3 Be6 15. Nd4 Bd5 16. Nf5 Bf6 17. Bd4 Bxd4 18. Rxd4
Rfe8 19. Ne3 Be6 20. b3 Rad8 21. Rad1 Rxd4 22. Rxd4 Kf8 23. Kf1 Ke7 24. h3 Rd8
1/2-1/2

[Event "23e tournoi d'automne"]
[Site "Montigny le Bretonneux"]
[Date "2025.10.22"]
[Round "5.7"]
[White "Corbeau, Lou"]
[Black "Mourgues, Joelle"]
[Result "1-0"]
[WhiteElo "1690"]
[BlackElo "1686"]
[Annotator "Rivier,Sylvain"]
[PlyCount "80"]
[EventDate "2025.??.??"]
[WhiteTeam "C'Chartres Echecs"]
[BlackTeam "Saint-Quentin en Yvelines"]

{Ouverture catalane} 1. d4 Nf6 2. c4 e6 3. g3 g6 4. Bg2 Bg7 5. Nc3 O-O 6. Bg5
d5 7. cxd5 exd5 8. Nxd5 c6 9. Nxf6+ Bxf6 10. Bxf6 Qxf6 11. e3 Be6 12. Ne2 Rd8
13. Nf4 Bc4 14. Qc2 Ba6 15. h4 Nd7 16. g4 Rac8 17. Be4 c5 18. Nd5 Qd6 19. Qd1
cxd4 20. Nf4 Qb4+ 21. Qd2 Qxd2+ 22. Kxd2 Nc5 23. Bg2 dxe3+ 24. Kxe3 Re8+ 25.
Kf3 Rcd8 26. Rad1 b6 27. Kg3 Kg7 28. Nd5 Be2 29. Rd4 Nd3 30. Ra4 Nc5 31. Rxa7
b5 32. Nf4 Bd1 33. Bd5 Ne4+ 34. Kg2 Bxg4 35. Bxf7 Rf8 36. Bxg6+ Kh8 37. Bxe4
Rxf4 38. f3 Bd7 39. Rd1 Rg8+ 40. Kf2 Bh3 1-0

[Event "23e tournoi d'automne"]
[Site "Montigny le Bretonneux"]
[Date "2025.10.22"]
[Round "5.8"]
[White "Longbien, Dominique"]
[Black "Duget, Long Jc"]
[Result "1/2-1/2"]
[WhiteElo "1625"]
[BlackElo "1707"]
[Annotator "Rivier,Sylvain"]
[PlyCount "39"]
[EventDate "2025.??.??"]
[WhiteTeam "La Dame Noire"]
[BlackTeam "C.E. Fontenay le Fleury "]

{Défense hollandaise-indienne} 1. d4 f5 2. c4 Nf6 3. g3 e6 4. Bg2 c6 5. Nc3 d5
6. Nh3 Be7 7. cxd5 exd5 8. Qc2 O-O 9. O-O Na6 10. a3 Nc7 11. Bf4 Nce8 12. f3
Nd6 13. Rad1 h6 14. Nf2 g5 15. Bxd6 Qxd6 16. e4 fxe4 17. fxe4 dxe4 18. Ncxe4
Nxe4 19. Bxe4 Be6 20. Bxc6 1/2-1/2

[Event "23e tournoi d'automne"]
[Site "Montigny le Bretonneux"]
[Date "2025.10.22"]
[Round "5.9"]
[White "Meddour, Ithri"]
[Black "Chatterjee, Adhyayan"]
[Result "1/2-1/2"]
[WhiteElo "1619"]
[BlackElo "1692"]
[Annotator "Rivier,Sylvain"]
[PlyCount "142"]
[EventDate "2025.??.??"]
[WhiteTeam "Saint-Quentin en Yvelines"]
[BlackTeam "C.E. de  Bois-Colombes"]

{Défense sicilienne} 1. e4 c5 2. g3 Nc6 3. Bg2 g6 4. Ne2 Bg7 5. c3 e6 6. d4
cxd4 7. cxd4 Nge7 8. Nbc3 d5 9. e5 O-O 10. b3 Nf5 11. O-O b6 12. Ba3 Re8 13.
Rc1 Ba6 14. Re1 Bxe2 15. Nxe2 Rc8 16. Qd3 Qd7 17. f4 Bf8 18. Bxf8 Rxf8 19. Bh3
Nce7 20. Nc3 Qb7 21. Bxf5 Nxf5 22. g4 Ng7 23. Nb5 Rxc1 24. Rxc1 Rc8 25. Rc3 Ne8
26. Rxc8 Qxc8 27. Kg2 a6 28. Na3 b5 29. Kf2 f6 30. Qe3 b4 31. Nb1 Qc2+ 32. Nd2
f5 33. gxf5 gxf5 34. Qg3+ Ng7 35. Ke2 Qxa2 36. Qg5 h5 37. Qd8+ Kh7 38. Qe7 a5
39. Qc5 Qb2 40. Kd3 Qa1 41. Ke2 a4 42. bxa4 Qxa4 43. Qb6 Qa3 44. Qd6 Qb2 45.
Qb6 b3 46. Qxb3 Qxd4 47. Qg3 Qa7 48. Nf3 Qa6+ 49. Kf2 Qa2+ 50. Kg1 Qb1+ 51. Kg2
Qc2+ 52. Kh3 Qe2 53. Kh4 d4 54. Nxd4 Qg4+ 55. Qxg4 hxg4 56. Kg5 Kg8 57. Kg6 Kf8
58. Nc6 Ne8 59. Nd4 Ke7 60. Nxf5+ exf5 61. Kxf5 Kf7 62. Kxg4 Kg6 63. f5+ Kg7
64. Kg5 Nc7 65. h4 Nd5 66. h5 Nc7 67. h6+ Kh7 68. Kf6 Kxh6 69. Kf7 Kg5 70. f6
Kf5 71. Ke7 Kxe5 1/2-1/2

[Event "23e tournoi d'automne"]
[Site "Montigny le Bretonneux"]
[Date "2025.10.22"]
[Round "5.10"]
[White "Talbi, Ibrahim"]
[Black "Le Yaouanq, Gerard"]
[Result "1-0"]
[WhiteElo "1688"]
[BlackElo "1567"]
[Annotator "Rivier,Sylvain"]
[PlyCount "95"]
[EventDate "2025.??.??"]
[WhiteTeam "La Tour de Mantes"]
[BlackTeam "Saint-Quentin en Yvelines"]

{Défense sicilienne} 1. e4 c5 2. Nf3 e6 3. d4 Qc7 4. Nc3 a6 5. d5 e5 6. a4 b6
7. Bc4 d6 8. Nd2 Nd7 9. O-O g5 10. Nb3 h6 11. Be3 Be7 12. Qf3 Bb7 13. Nd2 Bd8
14. Rfb1 Ne7 15. b4 Ng6 16. Rb2 O-O 17. Rab1 Bc8 18. bxc5 bxc5 19. Be2 Kg7 20.
Nf1 Nh4 21. Qg3 f5 22. exf5 Nxf5 23. Qf3 Nh4 24. Qe4 Nf6 25. Qc4 Rf7 26. Ng3
Kg8 27. Bd3 Ng4 28. Nge4 Nxe3 29. fxe3 Nf5 30. Nd1 Qa5 31. Nec3 Nh4 32. Nf2 Nf5
33. Ng4 Kg7 34. Rf1 h5 35. Bxf5 Bxf5 36. Nf2 g4 37. Nfe4 Qc7 38. Rb7 Qxb7 39.
Nxd6 Qd7 40. Nxf7 Bf6 41. d6 Be6 42. Qe4 Rf8 43. Nxe5 Bxe5 44. Qxe5+ Kg8 45.
Qg5+ Qg7 46. Rxf8+ Kxf8 47. Qd8+ Kf7 48. Qe7+ 1-0

[Event "23e tournoi d'automne"]
[Site "Montigny le Bretonneux"]
[Date "2025.10.22"]
[Round "5.11"]
[White "Couradin, Jean-Marie"]
[Black "Chakour, Samir"]
[Result "1-0"]
[WhiteElo "1666"]
[BlackElo "1399"]
[Annotator "Rivier,Sylvain"]
[PlyCount "151"]
[EventDate "2025.??.??"]
[WhiteTeam "La Dame Noire"]
[BlackTeam "Saint-Quentin en Yvelines"]

{Défense française, variante d'avance} 1. e4 e6 2. d4 d5 3. e5 c5 4. c3 Qb6
5. Nf3 Bd7 6. Be2 Bb5 7. Na3 Bxe2 8. Qxe2 a6 9. Nc2 Nd7 10. O-O Ne7 11. a3 Nc6
12. b4 c4 13. Bg5 h6 14. Be3 Be7 15. Nd2 O-O-O 16. f4 g6 17. a4 a5 18. b5 Na7
19. Na3 Bxa3 20. Rxa3 Kb8 21. Rb1 Rc8 22. Raa1 h5 23. h4 Qd8 24. Qf2 Nb6 25.
Nf3 Qe7 26. Bc1 Rcg8 27. Ba3 Qd8 28. Bd6+ Ka8 29. Ng5 Qd7 30. Bc5 Nac8 31. Qb2
Rg7 32. Qa3 Qd8 33. g3 f6 34. Nxe6 Qd7 35. Nxg7 Qxg7 36. Re1 g5 37. exf6 Qxf6
38. Be7 Nxe7 39. Qxe7 Qxe7 40. Rxe7 gxf4 41. Re6 Ka7 42. gxf4 Rf8 43. Re5 Rxf4
44. Rxh5 Rf3 45. Ra3 Rf8 46. Kg2 Kb8 47. Rg5 Rh8 48. h5 Nd7 49. Ra1 Nf6 50. Rf5
Nxh5 51. Rh1 Rg8+ 52. Kh2 Ng3 53. Rxd5 Nxh1 54. Kxh1 b6 55. Kh2 Kc7 56. Rf5 Rg4
57. Rf6 Re4 58. Rc6+ Kb7 59. Rxc4 Re7 60. Kg3 Rf7 61. Kg4 Kb8 62. Kg5 Kb7 63.
Kg6 Rf3 64. Rc6 Rf8 65. d5 Rd8 66. c4 Rd7 67. Kf6 Ka7 68. Ke6 Rb7 69. d6 Rh7
70. Rc7+ Rxc7 71. dxc7 Kb7 72. Kd7 Ka7 73. c5 bxc5 74. c8=Q c4 75. Kc7 c3 76.
Qb7# 1-0

[Event "23e tournoi d'automne"]
[Site "Montigny le Bretonneux"]
[Date "2025.10.22"]
[Round "5.12"]
[White "Jusselin, Benoit"]
[Black "Barthere, Gilles"]
[Result "0-1"]
[WhiteElo "1627"]
[BlackElo "1551"]
[Annotator "Rivier,Sylvain"]
[PlyCount "68"]
[EventDate "2025.??.??"]
[WhiteTeam "La Diagonale - Eybens"]
[BlackTeam "CE Le Roi Soleil - Le Chesnay - Versailles"]

{Début Larsen} 1. b3 e5 2. Bb2 Nc6 3. e3 a6 4. c4 Nf6 5. g3 b6 6. Nf3 d6 7.
Bg2 Bb7 8. O-O Be7 9. a3 O-O 10. d4 exd4 11. Nxd4 Qd7 12. Nd2 Nd8 13. Qc2 Bxg2
14. Kxg2 Ne6 15. Nf5 Bd8 16. f3 g6 17. Nh6+ Kg7 18. Ng4 h5 19. Nxf6 Bxf6 20.
Bxf6+ Kxf6 21. Ne4+ Kg7 22. Qc3+ f6 23. h3 Qe7 24. g4 Kh6 25. gxh5 gxh5 26. Ng3
Rg8 27. Kf2 Ng7 28. e4 Qe5 29. Qe3+ Kh7 30. f4 Qb2+ 31. Kf3 Ne6 32. Rad1 h4 33.
Rd2 Rxg3+ 34. Ke2 Rxe3+ 0-1

[Event "23e tournoi d'automne"]
[Site "Montigny le Bretonneux"]
[Date "2025.10.22"]
[Round "5.13"]
[White "Plantet, Marc"]
[Black "Martinez, Alberto"]
[Result "1-0"]
[WhiteElo "1826"]
[BlackElo "1527"]
[Annotator "Rivier,Sylvain"]
[PlyCount "49"]
[EventDate "2025.??.??"]
[WhiteTeam "La Dame Noire"]
[BlackTeam "Le Petit-Roque de Sèvres-Ville d'Avray"]

{Défense sicilienne, variante Najdorf} 1. e4 c5 2. Nf3 d6 3. d4 cxd4 4. Nxd4
Nf6 5. Nc3 a6 6. Bg5 e6 7. f4 Nbd7 8. Qf3 Qc7 9. O-O-O Be7 10. Bd3 Nc5 11. Be2
b5 12. Bxf6 Bxf6 13. Ncxb5 axb5 14. Nxb5 Qb8 15. Nxd6+ Kf8 16. e5 Rxa2 17. b3
Be7 18. Qc6 Nxb3+ 19. cxb3 g6 20. Qe8+ Kg7 21. Qxf7+ Kh6 22. Bc4 Qb4 23. Rd3
Qa3+ 24. Kd1 Qb2 25. Rh3+ 1-0

[Event "23e tournoi d'automne"]
[Site "Montigny le Bretonneux"]
[Date "2025.10.22"]
[Round "5.14"]
[White "Moulun, Raphael"]
[Black "Gasq, Eliott"]
[Result "1-0"]
[WhiteElo "1583"]
[BlackElo "1508"]
[Annotator "Rivier,Sylvain"]
[PlyCount "73"]
[EventDate "2025.??.??"]
[WhiteTeam "La Dame Noire"]
[BlackTeam "La Dame Noire"]

{Ouverture Bird} 1. f4 d5 2. c4 d4 3. Nf3 Nf6 4. g3 Bg4 5. Bg2 e6 6. Ne5 c6 7.
Nxg4 Nxg4 8. e4 Nh6 9. d3 g6 10. O-O Bg7 11. Nd2 Nd7 12. Nf3 Qb6 13. h3 e5 14.
fxe5 Qc5 15. Bf4 Ng8 16. Qd2 Nxe5 17. Ng5 h6 18. Bxe5 f6 19. Ne6 Qxe5 20. Nxg7+
Kf7 21. Nf5 gxf5 22. Rxf5 Qxg3 23. Re1 Ne7 24. Rf3 Qe5 25. Ref1 Ng8 26. Qf2 Rh7
27. Rf5 Qe6 28. Qxd4 Ke7 29. e5 Rd8 30. Qc5+ Kf7 31. Rxf6+ Nxf6 32. Rxf6+ Qxf6
33. exf6 Kxf6 34. Qf2+ Ke6 35. Qe3+ Kd6 36. c5+ Kc7 37. h4 1-0

[Event "23e tournoi d'automne"]
[Site "Montigny le Bretonneux"]
[Date "2025.10.22"]
[Round "5.15"]
[White "Warin, Anouk"]
[Black "Bimont, Stephanie"]
[Result "1-0"]
[WhiteElo "1590"]
[BlackElo "1551"]
[Annotator "Rivier,Sylvain"]
[PlyCount "137"]
[EventDate "2025.??.??"]
[WhiteTeam "C.E. Fontenay le Fleury Les Fous Furieux"]
[BlackTeam "Inter Chess"]

{Défense sicilienne, variante Alapine} 1. e4 d5 2. e5 c5 3. c3 Nc6 4. d4 cxd4
5. cxd4 Bf5 6. Nf3 e6 7. a3 Nge7 8. Be3 Ng6 9. h4 Bg4 10. Be2 Nge7 11. Bg5 h6
12. Bxe7 Bxe7 13. Nbd2 Qb6 14. b4 a6 15. Nb3 O-O 16. Nc5 Rfd8 17. Ng1 Bf5 18.
g4 Be4 19. f3 Bh7 20. Bd3 Bxd3 21. Qxd3 Bxc5 22. dxc5 Nxe5 23. Qd4 Qc7 24. Kf2
Nc6 25. Qd3 Ne5 26. Qd4 Nc4 27. Ne2 Qe5 28. f4 Qxd4+ 29. Nxd4 Kf8 30. Rhe1 Rac8
31. Re2 a5 32. Raa2 axb4 33. axb4 Ra8 34. g5 hxg5 35. hxg5 Ke7 36. Nf5+ Kd7 37.
Nd4 Na3 38. f5 Re8 39. Re3 Nc4 40. Rxa8 Rxa8 41. fxe6+ fxe6 42. Rxe6 Ra2+ 43.
Re2 Rxe2+ 44. Kxe2 Ne5 45. Ke3 Nc6 46. b5 Ne7 47. Kf4 Ng6+ 48. Kf5 Ne7+ 49. Ke5
Kc7 50. Ke6 Kd8 51. Kd6 g6 52. Ne6+ Ke8 53. Nc7+ Kf7 54. Nxd5 Nf5+ 55. Kc7 Nd4
56. b6 Ne6+ 57. Kxb7 Nxc5+ 58. Kc6 Na6 59. b7 Nb8+ 60. Kc7 Na6+ 61. Kc8 Kg7 62.
Nb4 Nxb4 63. b8=Q Nd3 64. Qc7+ Kg8 65. Qd8+ Kg7 66. Qxd3 Kh7 67. Kd8 Kg7 68.
Ke7 Kh7 69. Kf7 1-0

[Event "23e tournoi d'automne"]
[Site "Montigny le Bretonneux"]
[Date "2025.10.22"]
[Round "5.16"]
[White "Gazay, Didier"]
[Black "Bouloc, Roger"]
[Result "1-0"]
[WhiteElo "1730"]
[BlackElo "1414"]
[Annotator "Rivier,Sylvain"]
[PlyCount "85"]
[EventDate "2025.??.??"]
[WhiteTeam "Echiquier Scéen - Sceaux"]
[BlackTeam "La Dame Noire"]

{Ouverture anglaise, variante Nimzovitch} 1. c4 e5 2. g3 c6 3. Bg2 Nf6 4. Nf3
d5 5. Nxe5 dxc4 6. Nxc4 Be6 7. Qc2 Be7 8. O-O O-O 9. d3 Re8 10. Nc3 Nd5 11. Bd2
Na6 12. a3 Bf6 13. Ne4 Qe7 14. Nxf6+ Qxf6 15. e4 Ndc7 16. e5 Qe7 17. Nd6 Reb8
18. a4 Nd5 19. f4 Ndb4 20. Bxb4 Nxb4 21. Qd2 a5 22. d4 Bd5 23. f5 f6 24. Rae1
Rf8 25. g4 Qc7 26. h4 Qb6 27. Kh1 Bxg2+ 28. Kxg2 Nd5 29. e6 Ne7 30. Ne4 Rad8
31. Rd1 Qb3 32. Nc5 Qd5+ 33. Kh3 b6 34. Nd7 Qb3+ 35. Qc3 Qxc3+ 36. bxc3 Rfe8
37. g5 Nd5 38. Rd3 b5 39. Kg3 b4 40. c4 Nc3 41. Kf3 Nxa4 42. Rf2 Nb6 43. Nxb6
1-0

[Event "23e tournoi d'automne"]
[Site "Montigny le Bretonneux"]
[Date "2025.10.22"]
[Round "5.17"]
[White "Archet, Jean-Claude"]
[Black "Garabedian, Christophe"]
[Result "1-0"]
[WhiteElo "1554"]
[BlackElo "1399"]
[Annotator "Rivier,Sylvain"]
[PlyCount "35"]
[EventDate "2025.??.??"]
[WhiteTeam "Club 608 d'Echecs Paris"]
[BlackTeam "La Dame Noire"]

{Défense moderne} 1. e4 g6 2. d4 d6 3. Nc3 Bg7 4. f4 c5 5. dxc5 dxc5 6. Qxd8+
Kxd8 7. Bd2 Nc6 8. O-O-O Kc7 9. Bc4 e6 10. Nf3 f6 11. Be3 b6 12. Nb5+ Kb7 13.
Nd6+ Kc7 14. Ne8+ Kb7 15. Nxg7 e5 16. Ne8 g5 17. Nd6+ Kc7 18. Nf7 1-0

[Event "23e tournoi d'automne"]
[Site "Montigny le Bretonneux"]
[Date "2025.10.22"]
[Round "5.18"]
[White "Montay, Jean-Paul"]
[Black "Demeocq, Agathe"]
[Result "1-0"]
[WhiteElo "1549"]
[BlackElo "1299"]
[Annotator "Rivier,Sylvain"]
[PlyCount "83"]
[EventDate "2025.??.??"]
[WhiteTeam "La Dame Noire"]
[BlackTeam "Geneston Sud Loire échecs"]

{Ouverture anglaise, variante des quatre cavaliers, structure du dragon} 1. c4
e5 2. Nf3 Nc6 3. Nc3 Nf6 4. d3 Bc5 5. Bg5 O-O 6. g3 d6 7. Bg2 Bg4 8. O-O h6 9.
Bxf6 Qxf6 10. Ne4 Qf5 11. Nxc5 dxc5 12. Re1 Rad8 13. Qb3 Na5 14. Qc3 Nc6 15.
Rad1 Nd4 16. Nxd4 cxd4 17. Qa3 Rb8 18. Be4 Qg5 19. b4 Rfe8 20. Ra1 f5 21. Bf3
Bh3 22. Bh1 e4 23. dxe4 fxe4 24. Bg2 Bxg2 25. Kxg2 e3 26. f3 Rbd8 27. Red1 Re5
28. Qxa7 Qg6 29. Rxd4 Rxd4 30. Qxd4 Rh5 31. Qxe3 Qf6 32. Rd1 Qf8 33. Rd3 Qc8
34. g4 Rh4 35. Qe7 g5 36. Rd8+ Qxd8 37. Qxd8+ Kh7 38. Qxc7+ Kg8 39. Qxb7 Kf8
40. c5 Ke8 41. c6 Kd8 42. Qd7# 1-0